Kriege mit den meisten Todesopfern - Statistiken

Allgemein
  • Dieses Quiz wurde 82 mal gespielt
  • Das Durchschnittsergebnis liegt bei 5 aus 25
Antwortstatistiken
Platz Krieg Ort Jahre Niedrigste Schätzung Höchste Schätzung Mittlere Schätzung % Korrekt
1 Zweiter Weltkrieg Weltweit 1939-1945 40.000.000 84.000.000 58.300.000
99%
9 Erster Weltkrieg Europa/Afrika 1914-1918 20.000.000 20.000.000 20.000.000
94%
22 Vietnamkrieg Südostasien 1955-1975 800.000 3.800.000 1.740.000
58%
25 Koreakrieg Korea 1950-1953 1.200.000 1.200.000 1.200.000
53%
17 30-Jähriger Krieg Europa 1618-1648 3.000.000 11.500.000 5.800.000
46%
18 Napoleonische Kriege Europa 1803-1815 3.500.000 6.000.000 4.500.000
32%
15 Russischer Bürgerkrieg Russland 1917-1922 5.000.000 9.000.000 6.700.000
23%
13 Chinesischer Bürgerkrieg China 1927-1949 8.000.000 8.000.000 8.000.000
19%
6 Chinesisch-Japanischer Krieg Ostasien 1937-1945 25.000.000 25.000.000 25.000.000
13%
24 Mexikanischer Bürgerkrieg Mexiko 1910-1920 1.000.000 2.000.000 1.500.000
10%
14 Reconquista Iberien 711-1492 7.000.000 7.000.000 7.000.000
10%
3 Taiping-Aufstand China 1850-1864 20.000.000 100.000.000 44.700.000
10%
23 Biafra-Krieg Nigeria 1967-1970 1.000.000 3.000.000 1.730.000
8%
20 Hugenottenkriege Frankreich 1562-1598 2.000.000 4.000.000 3.000.000
6%
10 Spanische Eroberung Mexikos Mexiko 1519-1632 4.500.000 24.500.000 14.400.000
6%
16 Spanische Eroberung Perus Peru 1533-1620 3.500.000 8.400.000 5.900.000
6%
19 Zweiter Kongo-Krieg Kongo 1998-2003 2.500.000 5.400.000 3.600.000
6%
7 Ende der Ming-Dynastie China 1616-1662 25.000.000 25.000.000 25.000.000
4%
5 Eroberung Amerikas Nord-/Südamerika 1492-1691 8.400.000 137.000.000 37.000.000
4%
8 An Lushan Rebellion China 755-763 13.000.000 36.000.000 21.600.000
1%
12 Eroberungen Tamerlans Eurasien 1370-1405 8.000.000 20.000.000 12.600.000
1%
4 Krieg der drei Königreiche China 184-240 36.000.000 40.000.000 38.000.000
1%
2 Mongolische Expansion Eurasien 1206-1334 40.000.000 70.000.000 52.900.000
1%
11 Dungan-Aufstand China 1862-1877 8.000.000 20.700.000 12.800.000
0%
21 Zulu-Eroberung Südafrikas Südafrika 1814-1828 2.000.000 2.000.000 2.000.000
0%
Keine übereinstimmenden Quizze gefunden
Verteilung der Resultate
Anzahl Personen mit jedem Resultat
Perzentil nach korrekt beantworteten Fragen
Ihre Resultats-Entwicklung
Sie haben dieses Quiz noch nicht gespielt